Estudio de prefactibilidad del proyecto rediseño del mini acueducto por gravedad MAG en la comunidad de Wasayamba, municipio de Paiwas, departamento de Matagalpa-Nicaragua
Con el proyecto de agua potable se contribuirá a elevar la calidad de vida de los pobladores de la comunidad beneficiada, lo cual se logrará a través del acceso al servicio de agua potable, lo que reducirá el índice de morbilidad y mortalidad de la comunidad, las cuales se generan por el consum...
| Main Authors: | , |
|---|---|
| Other Authors: | |
| Format: | Tesis Section = Libro |
| Language: | Undetermined Spanish |
| Published: |
Managua
UNI
2021
|
| Subjects: |
| LEADER | 01274nam a2200277Ia 4500 | ||
|---|---|---|---|
| 008 | 240830s9999 xx 000 0 und d | ||
| 040 | |a BIBLIOTECA-RUPAP/ Mon 628.72 B982 | ||
| 041 | |a spa | ||
| 082 | |a Mon 628.72 B982 | ||
| 100 | 1 | |a Bustos Moreno, Wilmer Jesús | |
| 100 | 1 | |b Castellón Olivas, Enocc Marcelino | |
| 245 | 1 | 0 | |a Estudio de prefactibilidad del proyecto rediseño del mini acueducto por gravedad MAG en la comunidad de Wasayamba, municipio de Paiwas, departamento de Matagalpa-Nicaragua |
| 260 | |a Managua |b UNI |c 2021 | ||
| 300 | |a 128 p.:il. | ||
| 500 | |a Contiene: anexos y CD. | ||
| 502 | |a Tesis (Ingeniero Civil)- UNI, 2021. | ||
| 520 | 3 | |a Con el proyecto de agua potable se contribuirá a elevar la calidad de vida de los pobladores de la comunidad beneficiada, lo cual se logrará a través del acceso al servicio de agua potable, lo que reducirá el índice de morbilidad y mortalidad de la comunidad, las cuales se generan por el consumo de agua no potable. | |
| 650 | 7 | |a ACUEDUCTOS-DISEÑO Y CONSTRUCCION | |
| 650 | 7 | |b SUMINISTRO DE AGUA | |
| 650 | 7 | |c AGUA POTABLE | |
| 650 | 7 | |d SANEAMIENTO | |
| 650 | 7 | |e ESTUDIOS DE FACTIBILIDAD | |
| 700 | 1 | |a Tutor: |b González Murillo, Manuel | |
| 942 | |c BK |2 ddc | ||
| 991 | |a TESIS | ||
| 999 | |c 19025 | ||